|
|
|
|
| LEADER |
00000nab a2200000ua 4500 |
| 001 |
vtls010754941 |
| 003 |
SK-MaSNL |
| 005 |
20260304200125.0 |
| 008 |
250718s2005 xo |||||||||||||||||slo| |
| 035 |
|
|
|a (urnnbn)urn:nbn:sk:snk:ar-a04gnb
|
| 035 |
|
|
|a (uuid)60e69fd2-cf19-4ca1-891a-802be3b55b1e
|
| 035 |
|
|
|a urn:nbn:sk:snk-ab4rze
|
| 040 |
|
|
|a SNKBUCL
|b slo
|c SNKBUCL
|e AACR2
|
| 041 |
0 |
|
|a slo
|
| 044 |
|
|
|a xo
|c SK
|
| 100 |
1 |
|
|a Pavol, Eliáš
|4 aut
|9 1531412
|
| 245 |
1 |
0 |
|a E. MAYR: ČO JE TO EVOLÚCIA
|c Pavol Eliáš
|
| 773 |
0 |
|
|t Biológia, ekológia, chémia : časopis pre školy
|g Roč. 10, č. 3 (2005), s. 27-30
|
| 850 |
|
|
|a Slovenská národná knižnica
|
| 852 |
|
|
|a Slovenská národná knižnica
|
| 954 |
|
|
|a odborná, vedecká literatúra pôvodná (slovenská)
|2 lita
|
| 958 |
|
|
|a article3
|
| 958 |
|
|
|a OND
|
| 958 |
|
|
|a EUIPO
|
| 999 |
|
|
|c 3085521
|d 3087451
|